| 000 | 01006nam a2200229Ia 4500 | ||
|---|---|---|---|
| 999 |
_c1728 _d1728 |
||
| 003 | DO-SdBJH | ||
| 005 | 20190311132340.0 | ||
| 008 | 171116s9999 dr 000 0 spa d | ||
| 020 | _a 84-8476-301-3 | ||
| 040 |
_aDO-SdBJH _bspa _cDO-SdBJH |
||
| 041 | _bspa | ||
| 082 |
_a 551.4;553.7 _b N124m 2006 |
||
| 110 | _aPrograma de las Naciones Unidas para el Desarrollo | ||
| 245 | 1 | 0 |
_aInforme sobre desarrollo humano : más allá de la escasez : poder, pobreza y la crisis mundial del agua / _cPrograma de las Naciones Unidas para el Desarrollo |
| 260 |
_aBarcelona España : _bEdiciones Mundi-Prensa , _c2006 |
||
| 300 | _a422 páginas | ||
| 490 | _a Informe sobre desarrollo humano | ||
| 650 | 4 |
_aAgua potable _v cooperación internacional _xagua, abastecimiento _y agua, depuración |
|
| 942 |
_2ddc _cBK |
||